Weak Solutions of Ordinary Differential Equations

Enregistré dans:
Détails bibliographiques
Auteur principal: Ligeza, Jan
Format: Livre
Langue:anglais
Publié: Katowice Uniwersytet Slaski 1986
Édition:1. wyd.
Tags: Ajouter un tag
Pas de tags, Soyez le premier à ajouter un tag!

MARC

LEADER 00000nam a2200000 4500
001 c040721
005 20221220073318.3
041 0 |a eng 
044 |a PL 
245 1 0 |a Weak Solutions of Ordinary Differential Equations  |c Jan Ligeza 
250 |a 1. wyd. 
264 1 |a Katowice  |b Uniwersytet Slaski  |c 1986 
300 |a 120 s. 
100 1 |a Ligeza, Jan